| 000 | 01400nam a2200253Ii 4500 | ||
|---|---|---|---|
| 003 | JO-AjNU | ||
| 005 | 20240625111005.0 | ||
| 008 | 230605s9999||||xx |||||||||||||| ||und|| | ||
| 040 |
_aJO-AjNU _bara _erda _cJO-AjNU |
||
| 041 | _aara | ||
| 050 | 1 | 4 | _aHD9672 2021 |
| 100 | 1 |
_aعليوة، احمد عوض قويدر _965609 |
|
| 245 | 0 | 0 |
_aاثر تكاليف البحث والتطوير على القيمة السوقية في شركات الادوية المدرجة في بورصة عمان-مجمل الدخل كمتغير معدل = The Impact of Research and Development Costs on the Market Value of pharmaceutical Companies Listed on Amman Stock Exchange - Gross Profit as a Moderating Variable / _cإعداد احمد عوض قويدر عليوة ؛ أشراف علي عبدالله الزعبي، شيرين محمود العلي |
| 260 | _c2021 | ||
| 300 | _a71 ورقة | ||
| 336 |
_atext _btxt _2rdacontent |
||
| 337 |
_aunmediated _bn _2rdamedia |
||
| 338 |
_avolume _bnc _2rdacarrier |
||
| 500 | _aرسالة جامعية(اطروحة ماجستير) جامعة عجلون الوطنية، كلية ادارة الاعمال، تخصص المحاسبة؛ 2021 | ||
| 650 | 7 |
_aالقيمة السوقية-شركات الادوية _961299 |
|
| 700 | 1 |
_aالزعبي، علي عبدالله _965219 _eمشرف |
|
| 700 | 1 |
_aالعلي،شيرين محمود _965611 |
|
| 942 |
_2lcc _cTHS |
||
| 999 |
_c31268 _d31268 |
||